Films avec Camille Cottin par image - Statistiques

Statistiques générales
  • Ce quiz a été pris 41 fois
  • Le résultat moyen est 6 sur 16
Statistiques - réponses
Par images Réponse % Correct
Connasse, princesse des cœurs
90%
House of Gucci
68%
Toni, en famille
55%
Trois Amies
52%
Le Mystère Henri Pick
48%
Mystère à Venise
48%
Larguées
45%
Stillwater
45%
Les Eblouis
39%
Telle mère, telle fille
32%
Chambre 212
23%
Rembrandt
19%
Premières vacances
16%
Toute première fois
16%
Golda
13%
Photo de famille
13%
Aucun quiz correspondant
Distribution des résultats
% des personnes avec chaque résultat
Percentile par nombre de réponses
Votre historique - résultats
Vous n’avez pas pris ce quiz